Nguyễn Khuyến và thể loại câu đối Việt Nam
Câu đối trong đời sống văn hóa người Việt. Nguyễn Khuyến - danh nhân văn hóa. Nghệ thuật câu đối Nguyễn Khuyến.
Tallennettuna:
| Päätekijä: | |
|---|---|
| Muut tekijät: | |
| Aineistotyyppi: | Kirja |
| Kieli: | Vietnamese |
| Julkaistu: |
Đà Nẵng Đà Nẵng
Trường Đại học Sư phạm
2008
|
| Aiheet: | |
| Tagit: |
Lisää tagi
Ei tageja, Lisää ensimmäinen tagi!
|
| Thư viện lưu trữ: | Mạng thư viện Đại học Đà Nẵng |
|---|
| LEADER | 01397nam a2200337 4500 | ||
|---|---|---|---|
| 001 | 000010912 | ||
| 003 | 7135 | ||
| 005 | 20111223091203.0 | ||
| 008 | 111223s2008 viesd | ||
| 041 | |a vie | ||
| 072 | |a Khóa luận tốt nghiệp | ||
| 082 | |a 895.9221 |b NG-H | ||
| 100 | 1 | |a Nguyễn Thị Hà | |
| 245 | 1 | |a Nguyễn Khuyến và thể loại câu đối Việt Nam |c Nguyễn Thị Hà | |
| 260 | |a Đà Nẵng Đà Nẵng |b Trường Đại học Sư phạm |c 2008 | ||
| 300 | |a 72 tr. |c 29 cm | ||
| 500 | |a Khóa luận tốt nghiệp Đại học. Chuyên ngành: Ngành Cư nhân Ngữ văn | ||
| 520 | |a Câu đối trong đời sống văn hóa người Việt. Nguyễn Khuyến - danh nhân văn hóa. Nghệ thuật câu đối Nguyễn Khuyến. | ||
| 653 | |a Khóa luận tốt nghiệp Đại học | ||
| 653 | |a Khoa Ngữ văn | ||
| 700 | 1 | |a Nguyễn Phong Nam |c PGS.TS |e Hướng dẫn | |
| OWN | |a LSP | ||
| AVA | |a UDN50 |b LSP |d 895.9221 NG-H |e available |t Error 5001 Not defined in file expand_doc_bib_avail. |f 1 |g 0 |h N |i 0 |k 1 | ||
| 999 | |a From the UDN01 | ||
| AVA | |a UDN50 |b LSP |d 895.9221 NG-H |e available |t Error 5001 Not defined in file expand_doc_bib_avail. |f 1 |g 0 |h N |i 0 |k 1 | ||
| TYP | |a Monograph | ||
| TYP | |a Printed language | ||
| 980 | |a Mạng thư viện Đại học Đà Nẵng | ||